000 00669nam a2200229 4500
003 OSt
005 20260422024453.0
006 a
008 240610b |||||||| |||| 00| 0 eng d
020 _a9781849201940
040 _aDWCL-Main lib.
_cOC
082 _2second edition
_aCirc. 616.89 C676 2011
100 _aTrower, Peter
245 _aCognitive behavioral counselling in action /
250 _asecond edition
260 _aLondon :
_bSage Publications,
_cc2011.
300 _avi,
_b228 p. ;
_c21 cm.
504 _aIncludes references and index.
650 _a1. Cognitive therapy
700 _aPeter Trower
942 _2ddc
_n0
_cBK-CIRC
_esecond edition
_kCirc.
999 _c489
_d489